Les villes qui accueillent le plus d'immigrés en France - Statistiques

Statistiques générales
  • Ce quiz a été pris 77 fois
  • Le résultat moyen est 4 sur 5
Statistiques - réponses
Ville % Correct
3 Marseille
100%
1 Paris
100%
2 Lyon
97%
5 Lille
92%
4 Strasbourg
58%
Aucun quiz correspondant
Distribution des résultats
% des personnes avec chaque résultat
Percentile par nombre de réponses
Votre historique - résultats
Vous n’avez pas pris ce quiz